000 00275nam a22001217a 4500
008 170529b xxu||||| |||| 00| 0 eng d
041 _aeng
080 _a94
100 _a16
101 _aSHH
245 _aTHE MAS MEDIA PUBLIC OPINION
_cSTROUSE.J.C
942 _2udc
_cBK
999 _c14961
_d14961